A Hétszínvirág Óvoda minőségbiztosítási rendszerének kiépítése lépésről - lépésre

Elmentve itt :
Bibliográfiai részletek
Szerző: Kósa Mátyásné
További közreműködők: Cseh Györgyi (Témavezető)
Dokumentumtípus: Szakdolgozat
Megjelent: 2001
Tárgyszavak:
Online Access:http://diploma.bibl.u-szeged.hu/122053
LEADER 00673nta a2200181 i 4500
001 dipl122053
005 20220223084325.0
008 220210s2001 hu om 0|| hun d
040 |a SZTE Diploma Repozitórium  |b hun 
041 |a hun 
100 1 |a Kósa Mátyásné 
245 1 2 |a A Hétszínvirág Óvoda minőségbiztosítási rendszerének kiépítése lépésről - lépésre  |h [elektronikus dokumentum] /  |c Mátyásné Kósa 
260 |c 2001 
650 4 |a Bölcsészettudományok 
650 4 |a Social sciences 
650 4 |a Educational sciences 
700 1 |a Cseh Györgyi  |e ths 
856 4 0 |u http://diploma.bibl.u-szeged.hu/id/eprint/122053/1/2001_kosa_matyasne.pdf  |z Dokumentum-elérés